| 000 | 00906nam a2200205Ia 4500 | ||
|---|---|---|---|
| 003 | OSt | ||
| 005 | 20210721121338.0 | ||
| 008 | 210310s2004 ck ab gr 000 0 eng d | ||
| 040 |
_aCO-JMCR _cCO-JMCR |
||
| 041 | 0 | _aeng | |
| 082 | 0 | 4 |
_a332.673 / _bC679c2 _223 |
| 110 | 2 |
_aCoinvertir _938492 |
|
| 245 | 1 | 0 |
_aColombia : _blegal framework / _cCoinvertir |
| 260 |
_aBogotá : _bCorporación Invertir en Colombia, _c2004 |
||
| 300 |
_a138 páginas : _bilustraciones y mapas a blanco y negro ; _c28 cm. |
||
| 505 | 0 | _aForeign investment --Exchange regime -- Foreign trade -- Special foreign trde regimes -- Corporate regime -- Acquisitions mergers and split-off´s -- Tax regime -- Labor regime -- Inmigration regime -- Public contracting -- Environmental -- Intellectual property | |
| 650 | 1 | 4 |
_aAnálisis de inversiones _916432 _zColombia |
| 651 | 4 |
_aColombia _xPolítica económica _96872 |
|
| 942 |
_2ddc _cBK |
||
| 999 |
_c8134 _d8134 |
||